[Event "Titled Tue 10th Jun Early"]
[Site "chess.com INT"]
[Date "2025.06.10"]
[Round "11"]
[White "Burmakin, Evgeniy"]
[Black "Rasch, Holger"]
[Result "1-0"]
[WhiteTitle "FM"]
[BlackTitle "FM"]
[WhiteElo "2110"]
[BlackElo "2246"]
[WhiteFideId "4163729"]
[BlackFideId "4615670"]
[EventDate "2025.06.10"]

1. e4 c5 2. Nf3 e6 3. d4 cxd4 4. Nxd4 Nc6 5. Nc3 Qc7 6. Be3 a6 7. Nxc6 bxc6 8.
Bd3 Nf6 9. O-O e5 10. f4 d6 11. fxe5 dxe5 12. Bc4 Be7 13. h3 O-O 14. Qf3 Rb8 15.
Rab1 Rb4 16. b3 Rxc4 17. bxc4 Qa5 18. Rb3 Bb4 19. Bf2 Be6 20. Rfb1 Bxc3 21. Qxc3
Qxc3 22. Rxc3 Nxe4 23. Re3 Nxf2 24. Kxf2 Bxc4 25. Rxe5 Bxa2 26. Rb6 Bd5 27. Rxa6
f6 28. Re7 Rf7 29. Ra8+ Rf8 30. Raa7 Rf7 31. g3 Rxe7 32. Rxe7 h5 33. h4 Kh7 34.
Ke3 Kg6 35. Kd4 Bg2 36. c4 Bh1 37. Kc5 Kh6 38. Kd6 g5 39. Ke6 gxh4 40. gxh4 Kg6
41. Rf7 Bg2 42. Rxf6+ Kg7 43. Rf2 Bh3+ 44. Kd6 1-0

[Event "Titled Tue 10th Jun Early"]
[Site "chess.com INT"]
[Date "2025.06.10"]
[Round "11"]
[White "Dambaev, Dashi"]
[Black "Karttunen, Mika"]
[Result "1-0"]
[WhiteTitle "CM"]
[BlackTitle "IM"]
[WhiteElo "2211"]
[BlackElo "2490"]
[WhiteFideId "55628494"]
[BlackFideId "502081"]
[EventDate "2025.06.10"]

1. d4 e6 2. c4 Nf6 3. Nf3 d5 4. Nc3 Bb4 5. Qa4+ Nc6 6. e3 O-O 7. Bd2 Bd7 8. Qc2
dxc4 9. Bxc4 Bd6 10. O-O a6 11. a3 h6 12. b4 e5 13. dxe5 Nxe5 14. Nxe5 Bxe5 15.
f4 Bxc3 16. Bxc3 Bc6 17. Rad1 Qe7 18. Bxf6 Qxf6 19. e4 Qg6 20. Bd5 Bxd5 21. Rxd5
Rae8 22. f5 Qb6+ 23. Kh1 c6 24. Rd7 Re5 25. f6 g6 26. h3 Rfe8 27. Qa2 R8e6 28.
Re1 Rxf6 29. Qd2 Kg7 30. Qc3 Qf2 31. Qxe5 Qxe1+ 32. Kh2 Qf2 33. Rxb7 g5 34. Qg3
Qd4 35. e5 Rf4 36. e6 Qe5 37. Rxf7+ Kg6 38. Rxf4 Qxf4 39. Qxf4 gxf4 40. g3 fxg3+
41. Kxg3 Kf6 42. Kg4 Kxe6 43. Kh5 Kf6 44. Kxh6 Kf7 45. Kg5 Ke6 46. Kf4 Kf6 47.
Ke4 1-0

[Event "Titled Tue 10th Jun Early"]
[Site "chess.com INT"]
[Date "2025.06.10"]
[Round "11"]
[White "Yanev, Tihomir"]
[Black "Diao, Matthew Guo"]
[Result "1-0"]
[WhiteTitle "IM"]
[BlackTitle "CM"]
[WhiteElo "2354"]
[BlackElo "2244"]
[WhiteFideId "2910110"]
[BlackFideId "30970547"]
[EventDate "2025.06.10"]

1. e4 c5 2. Nc3 e6 3. g3 d5 4. Bg2 Nf6 5. d3 Nc6 6. f4 Be7 7. Nf3 dxe4 8. dxe4
Qxd1+ 9. Kxd1 O-O 10. e5 Nd5 11. Bd2 Rd8 12. Nxd5 exd5 13. Ke2 Bf5 14. Rac1 d4
15. Rhd1 Bxc2 16. Ne1 Bxd1+ 17. Kxd1 Rac8 18. Nd3 b6 19. b3 Nb8 20. Ke2 b5 21.
Ba5 c4 22. Nf2 d3+ 23. Kd2 Ba3 24. Rc3 Bb2 25. Bxd8 Bxc3+ 26. Kxc3 Rxd8 27. bxc4
d2 28. Bf3 bxc4 29. Kxc4 Kf8 30. Kc3 Nc6 31. Nd3 Nd4 32. Bd1 Ne6 33. Bb3 Ke7 34.
Kxd2 Nc5 35. Bc4 g5 36. Ke3 Nxd3 37. Bxd3 gxf4+ 38. gxf4 h6 39. f5 Rd5 40. Ke4
Ra5 41. f6+ Kd7 42. Bc4 Ra4 43. Kd4 Ra5 44. Bxf7 Ra4+ 45. Bc4 Ke8 46. e6 Ra5 47.
Bd5 Ra4+ 48. Ke5 Ra5 49. Kd6 Ra6+ 50. Bc6+ 1-0

[Event "Titled Tue 10th Jun Early"]
[Site "chess.com INT"]
[Date "2025.06.10"]
[Round "11"]
[White "Bartakke, Amardeep S."]
[Black "Katishonok, Nikolaj"]
[Result "0-1"]
[WhiteTitle "CM"]
[BlackTitle "FM"]
[WhiteElo "2116"]
[BlackElo "2004"]
[WhiteFideId "5003288"]
[BlackFideId "11600225"]
[EventDate "2025.06.10"]

1. e4 e6 2. d4 d5 3. Nd2 Nc6 4. f3 e5 5. dxe5 dxe4 6. Nxe4 Qxd1+ 7. Kxd1 Nxe5 8.
c3 Bf5 9. Ng3 O-O-O+ 10. Ke1 Bc2 11. Be3 Nf6 12. Nh3 Nd3+ 13. Bxd3 Rxd3 14. Kf2
Nd5 15. Nf4 Rxe3 16. Nxd5 Re5 17. Ne3 Bc5 18. Nf1 Rhe8 19. Re1 f5 20. f4 Re4 21.
Kf3 Bd3 22. Rd1 Rxe3+ 23. Nxe3 Rxe3+ 24. Kf2 Bc4 25. b3 Rxc3+ 26. Ke1 Ba6 27.
Kd2 Rd3+ 28. Kc2 Re3 29. Rhe1 Bb6 30. g3 Be2 31. Rd2 Bd3+ 32. Rxd3 Rxe1 33. Rd5
g6 34. a4 Re2+ 35. Kd3 Rxh2 36. a5 Bf2 37. Re5 Bxg3 38. Ke3 Kd7 39. Rd5+ Kc6 40.
Re5 Rb2 0-1

[Event "Titled Tue 10th Jun Early"]
[Site "chess.com INT"]
[Date "2025.06.10"]
[Round "11"]
[White "Xiong, Jeffery"]
[Black "Carlsen, Magnus"]
[Result "0-1"]
[WhiteTitle "GM"]
[BlackTitle "GM"]
[WhiteElo "2639"]
[BlackElo "2837"]
[WhiteFideId "2047640"]
[BlackFideId "1503014"]
[EventDate "2025.06.10"]

1. c4 e6 2. Nc3 d5 3. d4 Nf6 4. Nf3 Nbd7 5. Qc2 c6 6. e4 dxe4 7. Nxe4 Nxe4 8.
Qxe4 Bb4+ 9. Bd2 Bxd2+ 10. Nxd2 O-O 11. O-O-O c5 12. Nf3 Nf6 13. Qe3 Qa5 14. a3
b6 15. Ne5 Bb7 16. Be2 Rad8 17. dxc5 bxc5 18. Rxd8 Rxd8 19. Rd1 Rxd1+ 20. Bxd1
Bxg2 21. f3 Qc7 22. Ba4 h6 23. b4 cxb4 24. axb4 Nd5 25. Qd4 Nxb4 26. Kd2 f6 27.
Nd7 Bxf3 28. Qe3 Qd6+ 29. Kc3 Bc6 30. Nc5 a5 31. Bc2 Kf7 32. Bb3 Qe5+ 33. Qxe5
fxe5 34. Bd1 Ke7 35. Nb3 Ba4 36. Nxa5 Na2+ 37. Kd2 Bxd1 38. Kxd1 Nc3+ 39. Kd2
Ne4+ 40. Ke3 Nc5 41. Nc6+ Kd6 42. Na7 Nd7 43. Nb5+ Kc5 44. Nc7 Kd6 45. Ne8+ Ke7
46. Nc7 g5 47. Ke4 h5 48. Nb5 Kf6 49. Nd6 Nc5+ 50. Ke3 g4 51. Nb5 h4 52. Nc3 Kf5
53. Nd1 e4 0-1

[Event "Titled Tue 10th Jun Early"]
[Site "chess.com INT"]
[Date "2025.06.10"]
[Round "11"]
[White "Alikulov, Elbek"]
[Black "Araujo Filho, Luiz Antonio Coel"]
[Result "1/2-1/2"]
[WhiteTitle "IM"]
[WhiteElo "2305"]
[BlackElo "2077"]
[WhiteFideId "14203308"]
[BlackFideId "2130661"]
[EventDate "2025.06.10"]

1. e4 c6 2. d4 d5 3. Nc3 dxe4 4. Nxe4 Nf6 5. Nxf6+ exf6 6. c3 Bd6 7. Bd3 O-O 8.
Qc2 Re8+ 9. Ne2 h5 10. Be3 Nd7 11. h3 Nf8 12. O-O-O Qc7 13. Kb1 h4 14. Bc1 Be6
15. g4 Bd5 16. Rhe1 g6 17. f4 Bf3 18. c4 Bxe2 19. Rxe2 Bxf4 20. Rde1 Rxe2 21.
Rxe2 Bxc1 22. Qxc1 Kg7 23. Qf1 Qd6 24. Qf2 Qg3 25. Qxg3 hxg3 26. d5 cxd5 27.
cxd5 Nd7 28. Rg2 Rd8 29. Rxg3 Nc5 30. Bc4 b5 31. Bxb5 Rxd5 32. Bc4 Re5 33. Ra3
Re7 34. Ra5 Ne4 35. Kc2 Nf2 36. Ra3 Kh6 37. Rf3 Ne4 38. Bd3 Nc5 39. Rxf6 Kg5 40.
Rf3 Nxd3 41. Kxd3 Rb7 42. b3 f5 43. gxf5 gxf5 44. h4+ Kg4 45. Rf1 f4 46. h5 f3
47. h6 Kg3 48. Ke3 Re7+ 49. Kd3 Kg2 50. Rc1 f2 51. b4 f1=Q+ 52. Rxf1 Kxf1 53. b5
Rh7 54. a4 Rxh6 55. Kc4 Ke2 56. a5 Ke3 57. Kc5 Ke4 58. b6 axb6+ 59. axb6 Rh2 60.
b7 Rb2 61. Kc6 Ke5 62. Kc7 Rc2+ 63. Kd7 Rb2 64. Kc7 Rc2+ 65. Kd7 Rb2 66. Kc7 1/2-1/2

[Event "Titled Tue 10th Jun Early"]
[Site "chess.com INT"]
[Date "2025.06.10"]
[Round "11"]
[White "Arias Gaviria, Mario Alexis"]
[Black "Sobek, Jaroslav"]
[Result "1-0"]
[WhiteTitle "FM"]
[BlackTitle "FM"]
[WhiteElo "2298"]
[BlackElo "2195"]
[WhiteFideId "3800660"]
[BlackFideId "301388"]
[EventDate "2025.06.10"]

1. e4 c5 2. Nf3 a6 3. g3 d5 4. exd5 Qxd5 5. Bg2 Bg4 6. O-O Qd8 7. h3 Bh5 8. g4
Bg6 9. Ne5 Qc7 10. d4 cxd4 11. f4 Bxc2 12. Qf3 Nf6 13. Na3 Be4 14. Qb3 e6 15.
Bd2 Bxg2 16. Kxg2 Bd6 17. Rac1 Nc6 18. Nac4 O-O 19. Nxd6 Qxd6 20. Nxc6 bxc6 21.
Bb4 Qd7 22. Bxf8 Rxf8 23. Rfd1 Rd8 24. Rc4 Qd5+ 25. Kh2 d3 26. Rc3 d2 27. Qxd5
Rxd5 28. Rxc6 g5 29. fxg5 Ne4 30. Kg2 Nxg5 31. Rxa6 Ne4 32. Rc6 Rd3 33. Rc4 f5
34. gxf5 exf5 35. a4 Kf7 36. a5 Rb3 37. Rxe4 fxe4 38. Rxd2 Ke6 39. a6 Rb6 40.
Rd4 Rxa6 41. Rxe4+ Kf5 42. Rb4 Rc6 43. h4 Rc2+ 44. Kf3 Rh2 45. Ke3 Rh3+ 46. Kd2
h5 47. Kc2 Rg3 48. Ra4 1-0

[Event "Titled Tue 10th Jun Early"]
[Site "chess.com INT"]
[Date "2025.06.10"]
[Round "11"]
[White "Omariev, Maksim"]
[Black "Iskusnyh, Sergei"]
[Result "0-1"]
[WhiteTitle "FM"]
[BlackTitle "GM"]
[WhiteElo "2304"]
[BlackElo "2440"]
[WhiteFideId "4193423"]
[BlackFideId "4120027"]
[EventDate "2025.06.10"]

1. g4 e5 2. Bg2 Ne7 3. c4 Ng6 4. d3 Bc5 5. Nc3 d6 6. g5 Nh4 7. Be4 f5 8. gxf6
Qxf6 9. Nf3 c6 10. Rg1 O-O 11. Bg5 Nxf3+ 12. Bxf3 Qg6 13. h4 Bf5 14. Qd2 Kh8 15.
Rg2 Qf7 16. O-O-O Nd7 17. Rdg1 Rg8 18. h5 Rac8 19. Kb1 a6 20. Ne4 d5 21. Nxc5
Nxc5 22. Qb4 Nxd3 23. exd3 Bxd3+ 24. Ka1 Qxf3 25. Qe7 Rce8 26. Qxb7 Qxh5 27.
cxd5 cxd5 28. Qxd5 e4 29. Qd4 Rc8 30. Bd2 Qf7 31. Bc3 Rc4 32. Qe5 Rxc3 33. Qxc3
h6 34. a3 Kh7 35. Rh2 Re8 36. Qd4 Re6 37. Qe3 Rf6 38. Qg3 Rf3 39. Rhg2 Rxg3 40.
Rxg3 Bc4 41. Rc3 a5 42. Rgc1 Be6 43. R1c2 a4 44. Re2 Qd7 45. Rc1 Qd5 46. b4 Qd4+
47. Rb2 h5 48. b5 Bb3 0-1

[Event "Titled Tue 10th Jun Early"]
[Site "chess.com INT"]
[Date "2025.06.10"]
[Round "11"]
[White "Maghsoodloo, Parham"]
[Black "Martinez Alcantara, Jose Eduardo"]
[Result "1-0"]
[WhiteTitle "GM"]
[BlackTitle "GM"]
[WhiteElo "2691"]
[BlackElo "2611"]
[WhiteFideId "12539929"]
[BlackFideId "3805662"]
[EventDate "2025.06.10"]

1. e4 c5 2. Nc3 a6 3. Nge2 b5 4. g3 Bb7 5. Bg2 e6 6. O-O Ne7 7. Re1 Nbc6 8. b3
Rc8 9. Bb2 Ng6 10. a4 b4 11. Nd5 f6 12. Ne3 Be7 13. f4 O-O 14. h4 Nh8 15. Kh2
Nf7 16. d4 cxd4 17. Nxd4 Na5 18. Qd3 Qb6 19. Rad1 Rfd8 20. Ng4 Nc6 21. Nf3 a5
22. h5 Qc5 23. e5 f5 24. Ne3 Nh6 25. Rd2 Nb8 26. Nd4 Bxg2 27. Rxg2 Nc6 28. Nb5
d5 29. exd6 Bxd6 30. Qc4 Qxc4 31. Nxc4 Bc5 32. Rge2 Ng4+ 33. Kg2 e5 34. fxe5 Ne7
35. Nxa5 Nd5 36. Nb7 Rd7 37. Nxc5 Rxc5 38. e6 Re7 39. Bd4 Rc6 40. Kf3 Ndf6 41.
h6 Nxh6 42. Bxf6 gxf6 43. Kf4 Kg7 44. Nd4 Rc5 45. Rh1 Rd5 46. Rd2 Kg6 47. Rxh6+
Kxh6 48. Nxf5+ 1-0

[Event "Titled Tue 10th Jun Early"]
[Site "chess.com INT"]
[Date "2025.06.10"]
[Round "11"]
[White "Bahmani, Koorosh"]
[Black "Babayeva, Nasrin"]
[Result "0-1"]
[WhiteTitle "CM"]
[BlackTitle "WFM"]
[WhiteElo "2207"]
[BlackElo "1936"]
[WhiteFideId "42576750"]
[BlackFideId "13416626"]
[EventDate "2025.06.10"]

1. Nf3 d5 2. g3 Nc6 3. d4 Bf5 4. Bg2 Nf6 5. O-O Nb4 6. Na3 e6 7. c3 Nc6 8. c4
Bxa3 9. bxa3 dxc4 10. Qa4 O-O 11. Qxc4 Be4 12. Bf4 Bxf3 13. Bxf3 Qxd4 14. Qc2
Nd5 15. Rfd1 Qc3 16. Qxc3 Nxc3 17. Rd7 e5 18. Bxc6 exf4 19. Bxb7 Rab8 20. Rxc7
Nxe2+ 21. Kg2 fxg3 22. hxg3 Nd4 23. Bf3 Nxf3 24. Kxf3 Rfd8 25. Rxa7 Rd3+ 26. Kg2
Rd2 27. Rc1 Rxa2 28. Rcc7 Rf8 29. a4 g6 30. a5 h5 31. Kf3 Ra3+ 32. Kg2 Ra4 33.
a6 Ra5 34. Rc6 Re8 35. Rac7 Ra8 36. Rb6 R5xa6 37. Rbb7 Rf6 38. f4 Ra2+ 39. Kf3
Ra3+ 40. Kg2 h4 41. gxh4 Rxf4 42. h5 gxh5 43. Rc5 Rg4+ 44. Kf2 Rh4 45. Rg5+ Kh7 0-1

[Event "Titled Tue 10th Jun Early"]
[Site "chess.com INT"]
[Date "2025.06.10"]
[Round "11"]
[White "Schnaider, Ilan"]
[Black "Palczert, Matyas"]
[Result "0-1"]
[WhiteTitle "IM"]
[BlackTitle "FM"]
[WhiteElo "2388"]
[BlackElo "2396"]
[WhiteFideId "169013"]
[BlackFideId "784958"]
[EventDate "2025.06.10"]

1. e4 e5 2. Nf3 Nc6 3. Nc3 Nf6 4. h3 Bb4 5. Nd5 Ba5 6. c3 O-O 7. b4 Bb6 8. d3
Nxd5 9. exd5 Ne7 10. c4 a5 11. bxa5 Bxa5+ 12. Bd2 Bxd2+ 13. Qxd2 Ng6 14. Be2 d6
15. O-O Qf6 16. d4 e4 17. Nh2 Nf4 18. Bg4 h5 19. Bxc8 Qg5 20. Qxf4 Qxf4 21. Bxb7
Rab8 22. Bc6 e3 23. Nf3 Rb2 24. a4 Rxf2 25. Rxf2 exf2+ 26. Kxf2 Rb8 27. Bb5 g5
28. g3 Qf6 29. g4 hxg4 30. hxg4 Kg7 31. Rh1 Qf4 32. a5 f5 33. Kg2 Qxg4+ 34. Kf2
Qf4 35. Kg2 g4 36. Nh4 Qe4+ 37. Kg1 Qxd4+ 38. Kg2 Qe4+ 39. Kg1 g3 40. a6 f4 41.
a7 f3 0-1

[Event "Titled Tue 10th Jun Early"]
[Site "chess.com INT"]
[Date "2025.06.10"]
[Round "11"]
[White "Ternault, Mathieu"]
[Black "Altynbek, Aiaru"]
[Result "1-0"]
[WhiteTitle "FM"]
[BlackTitle "WFM"]
[WhiteElo "2275"]
[BlackElo "1977"]
[WhiteFideId "20641532"]
[BlackFideId "13752472"]
[EventDate "2025.06.10"]

1. d4 d5 2. c4 e6 3. Nf3 Nf6 4. Nc3 Be7 5. g3 dxc4 6. Qa4+ Bd7 7. Qxc4 O-O 8.
Bg2 a6 9. Ne5 b5 10. Qd3 Ra7 11. O-O c5 12. Nxd7 Qxd7 13. Rd1 c4 14. Qf3 Rc7 15.
Bf4 Rcc8 16. d5 b4 17. dxe6 Qxe6 18. Nd5 Nxd5 19. Rxd5 Nd7 20. Rad1 Rfd8 21. h4
c3 22. bxc3 bxc3 23. Qe4 Qxe4 24. Bxe4 Nf6 25. Rxd8+ Bxd8 26. Bf5 Ra8 27. Be5
Ba5 28. Rc1 Nd5 29. Be4 Re8 30. f4 Nf6 31. Bb7 Bb4 32. Kf1 Ng4 33. Bxc3 Ne3+ 34.
Ke1 Bc5 35. Bxa6 Ng2+ 36. Kd1 Ne3+ 37. Kd2 Rd8+ 38. Bd3 Nc4+ 39. Ke1 Be3 40. Rd1
Na3 41. Bxh7+ Kxh7 42. Rxd8 Nc2+ 43. Kd1 1-0

[Event "Titled Tue 10th Jun Early"]
[Site "chess.com INT"]
[Date "2025.06.10"]
[Round "11"]
[White "Dogan, Umut Anil"]
[Black "Aradhya, Garg"]
[Result "0-1"]
[WhiteTitle "CM"]
[BlackTitle "IM"]
[WhiteElo "2060"]
[BlackElo "2370"]
[WhiteFideId "51618060"]
[BlackFideId "25006746"]
[EventDate "2025.06.10"]

1. Nf3 d5 2. g3 g6 3. Bg2 Bg7 4. d4 Nf6 5. O-O O-O 6. c4 c6 7. cxd5 cxd5 8. Nc3
Ne4 9. Ne5 Nxc3 10. bxc3 Nc6 11. Nxc6 bxc6 12. e4 Ba6 13. Re1 e6 14. Ba3 Re8 15.
e5 Bc4 16. Bf1 Qa5 17. Bb4 Qa6 18. Bxc4 Qxc4 19. Qb3 Reb8 20. Qxc4 dxc4 21. Rab1
Bf8 22. Bxf8 Kxf8 23. Kf1 a5 24. a4 Ke7 25. Ke2 Kd7 26. Kd2 c5 27. Kc2 Kc6 28.
Rbd1 Rb3 29. Rb1 Rab8 30. Rxb3 cxb3+ 31. Kb2 cxd4 32. cxd4 Kd5 33. Re3 Kxd4 34.
Rxb3 Rxb3+ 35. Kxb3 Kd3 36. h3 h5 37. h4 Kd4 38. f4 Kd3 39. Kb2 Kc4 40. Kc2 Kb4
41. Kd3 Kxa4 42. Kc4 Ka3 43. Kc5 a4 44. Kd6 Kb4 45. Ke7 a3 46. Kxf7 a2 47. Kxe6
a1=Q 48. Kf7 Qc3 49. e6 Qxg3 50. e7 Qxf4+ 51. Kxg6 Qe5 52. Kf7 Qf5+ 53. Kg7 Qe6
54. Kf8 Qf6+ 55. Ke8 Kc5 56. Kd7 Qd6+ 57. Ke8 Kc6 58. Kf7 Qf4+ 59. Ke6 Qe4+ 60.
Kf6 Kd7 61. Kg5 Qg4+ 62. Kh6 Kxe7 63. Kh7 Kf6 64. Kh6 Qg6# 0-1

[Event "Titled Tue 10th Jun Early"]
[Site "chess.com INT"]
[Date "2025.06.10"]
[Round "11"]
[White "Todorovic, Bojan"]
[Black "Leinov, Roman"]
[Result "1-0"]
[WhiteTitle "FM"]
[BlackTitle "CM"]
[WhiteElo "2111"]
[BlackElo "2120"]
[WhiteFideId "917087"]
[BlackFideId "13504649"]
[EventDate "2025.06.10"]

1. d4 Nf6 2. c4 e6 3. Nc3 Bb4 4. e3 b6 5. Ne2 Bb7 6. a3 Be7 7. d5 O-O 8. Ng3 d6
9. Be2 Nbd7 10. O-O a5 11. e4 Nc5 12. Be3 Nfd7 13. b4 Na6 14. Qb3 Bc8 15. c5
dxc5 16. dxe6 fxe6 17. b5 Nab8 18. Qxe6+ Kh8 19. Nd5 Bd6 20. Bg4 Re8 21. Qf5 g6
22. Qg5 Ne5 23. Bxc8 Qxg5 24. Bxg5 Rxc8 25. f4 Nf7 26. Bf6+ Kg8 27. e5 Bf8 28.
Ne4 Nd7 29. e6 Nxf6 30. Nexf6+ Kg7 31. exf7 Bd6 32. Ne4 Kxf7 33. Nxd6+ cxd6 34.
Rae1 Re8 35. f5 g5 36. f6 Rab8 37. Re7+ Rxe7 38. fxe7+ Ke6 39. Rf8 Rb7 40. e8=Q+
Kxd5 41. Qc6+ Kc4 42. Qxb7 1-0

[Event "Titled Tue 10th Jun Early"]
[Site "chess.com INT"]
[Date "2025.06.10"]
[Round "11"]
[White "Sanal, Vahap"]
[Black "Heimann, Alexander"]
[Result "0-1"]
[WhiteTitle "GM"]
[WhiteElo "2564"]
[BlackElo "2238"]
[WhiteFideId "6300545"]
[BlackFideId "2006073"]
[EventDate "2025.06.10"]

1. e4 Nf6 2. e5 Nd5 3. d4 d6 4. Nf3 dxe5 5. Nxe5 c6 6. Bd3 Nd7 7. Nf3 N7f6 8.
O-O Bg4 9. Nbd2 Nf4 10. Bc4 e6 11. h3 Bh5 12. c3 Bd6 13. Re1 Qa5 14. Nf1 O-O-O
15. Ng3 Bg6 16. b4 Qc7 17. a4 Nxh3+ 18. gxh3 Bxg3 19. fxg3 Qxg3+ 20. Kh1 Ne4 21.
Rxe4 Bxe4 22. Be2 Rd5 23. Qf1 Rh5 24. Qg2 Rxh3+ 25. Kg1 Bxf3 26. Qxg3 Rxg3+ 27.
Kf2 Bxe2 28. Kxg3 h5 29. Ra2 h4+ 30. Kh2 Bg4 31. Rg2 f5 32. Bf4 Kd7 33. c4 Ke7
34. b5 Rc8 35. c5 Kf6 36. Be5+ Kf7 37. Rb2 Bf3 38. Bf4 Kg6 39. Rb1 Kh5 40. Rg1
Bg4 41. bxc6 bxc6 42. Rb1 g5 43. Be5 f4 44. Rb7 Bf5 45. Rg7 Rf8 46. Bd6 Rf6 47.
Rxa7 f3 48. Kg1 g4 49. Kf2 Bd3 50. Rg7 Bg6 51. a5 g3+ 52. Bxg3 hxg3+ 53. Kxg3 f2 0-1

[Event "Titled Tue 10th Jun Early"]
[Site "chess.com INT"]
[Date "2025.06.10"]
[Round "11"]
[White "Craciun, Sasha-Matei"]
[Black "Csonka, Balazs"]
[Result "0-1"]
[WhiteTitle "FM"]
[BlackTitle "IM"]
[WhiteElo "2320"]
[BlackElo "2467"]
[WhiteFideId "1281186"]
[BlackFideId "742910"]
[EventDate "2025.06.10"]

1. e4 e6 2. d4 d5 3. Nc3 Bb4 4. exd5 exd5 5. Bd3 Ne7 6. Qh5 c6 7. Ne2 Nd7 8. Bg5
Nf8 9. O-O-O Ne6 10. Bh4 Bd6 11. Kb1 Qa5 12. f4 g6 13. Qf3 Bd7 14. Bf6 Rg8 15.
f5 gxf5 16. Bxf5 Nxf5 17. Qxf5 Rg6 18. Qf2 b5 19. Rde1 b4 20. Nd1 Kf8 21. h4 h5
22. Qf5 Kg8 23. Ref1 Rf8 24. Qxh5 Ng7 25. Qf3 Bg4 26. Qd3 Nh5 27. Bg5 Qb5 28.
Qxb5 cxb5 29. Nf4 Bxf4 30. Bxf4 Bxd1 31. Rxd1 Nxf4 32. h5 Rg5 33. Rh4 Nxg2 34.
Rh2 Ne3 35. Re1 Nc4 36. a3 bxa3 37. b3 Nd6 38. h6 Ne4 39. h7+ Kh8 40. Re3 b4 41.
Ka2 Nc3+ 42. Ka1 Rg1+ 0-1

[Event "Titled Tue 10th Jun Early"]
[Site "chess.com INT"]
[Date "2025.06.10"]
[Round "11"]
[White "Navoyan, Gagik"]
[Black "Zeliantsova, Kseniya"]
[Result "0-1"]
[WhiteTitle "CM"]
[BlackTitle "WFM"]
[WhiteElo "2186"]
[BlackElo "2062"]
[WhiteFideId "13314866"]
[BlackFideId "13512617"]
[EventDate "2025.06.10"]

1. e4 d6 2. d4 Nf6 3. Nc3 g6 4. Be3 Bg7 5. f3 O-O 6. Qd2 c6 7. h4 h5 8. Nge2 b5
9. Bh6 b4 10. Nd1 Qa5 11. Bxg7 Kxg7 12. Ne3 Ba6 13. Nf4 e5 14. dxe5 dxe5 15. Nd3
Bxd3 16. Bxd3 Nbd7 17. g4 hxg4 18. fxg4 Rh8 19. Qf2 b3+ 20. c3 Nc5 21. O-O Qd8
22. Rad1 Qe7 23. Bc4 Ncxe4 24. Qh2 Qc5 25. Rd3 Rad8 26. Qe2 Rxd3 27. Bxd3 Rxh4
28. Bxe4 Nxe4 29. Qf3 f5 30. gxf5 Rf4 31. Qh3 Ng5 32. f6+ Rxf6 33. Qd7+ Nf7 34.
Rxf6 Kxf6 35. Kf2 bxa2 36. Qd1 Nd6 37. Ke2 Nf5 38. Qd8+ Qe7 39. Ng4+ Kg5 40. Qa5
Kxg4 41. Qxa2 Qc5 42. Qa4+ Kg5 43. Kf3 Qd5+ 44. Ke2 Qb5+ 45. Qxb5 cxb5 0-1

[Event "Titled Tue 10th Jun Early"]
[Site "chess.com INT"]
[Date "2025.06.10"]
[Round "11"]
[White "Safin Safarullakhan"]
[Black "Becking, Stephan"]
[Result "1-0"]
[WhiteTitle "CM"]
[BlackTitle "IM"]
[WhiteElo "2028"]
[BlackElo "2410"]
[WhiteFideId "33379475"]
[BlackFideId "4632478"]
[EventDate "2025.06.10"]

1. e4 e6 2. d4 d5 3. e5 Ne7 4. c3 Qd7 5. Nf3 b6 6. Bd3 a5 7. O-O Ba6 8. Re1 Bxd3
9. Qxd3 c5 10. c4 dxc4 11. Qxc4 Nd5 12. Nc3 Nxc3 13. bxc3 Be7 14. Rb1 O-O 15.
Rxb6 cxd4 16. cxd4 Rc8 17. Qd3 Nc6 18. Bg5 Bf8 19. a3 h6 20. Bd2 Ne7 21. Reb1
Nd5 22. Rb7 Rc7 23. R7b5 a4 24. h3 Qc6 25. Rc1 Qd7 26. Rcb1 Rac8 27. Ba5 Rc4 28.
Rb7 Qe8 29. Nd2 Rc1+ 30. Rxc1 Rxc1+ 31. Kh2 Qc6 32. Rb8 Nf4 33. Qg3 Nd5 34. Ne4
Qc2 35. Bb4 Qd1 36. Rxf8+ Kh7 37. Qg4 Qh1+ 38. Kg3 Re1 39. Rxf7 Re3+ 40. fxe3
Qe1+ 41. Kh2 1-0

[Event "Titled Tue 10th Jun Early"]
[Site "chess.com INT"]
[Date "2025.06.10"]
[Round "11"]
[White "Looi, Xin Hao"]
[Black "Serra Canals, Oriol"]
[Result "1-0"]
[WhiteTitle "CM"]
[BlackTitle "CM"]
[WhiteElo "2009"]
[BlackElo "2116"]
[WhiteFideId "5702828"]
[BlackFideId "22276084"]
[EventDate "2025.06.10"]

1. e4 c6 2. d4 d5 3. exd5 cxd5 4. Bd3 Nc6 5. c3 Nf6 6. Bf4 Bg4 7. Qb3 Qd7 8. Nd2
e6 9. Ngf3 Bd6 10. Bxd6 Qxd6 11. O-O O-O 12. Rae1 Bxf3 13. Nxf3 Qc7 14. Qc2 Rab8
15. Ne5 b5 16. a3 a5 17. b4 axb4 18. axb4 Rfc8 19. Nxc6 Qxc6 20. Rc1 g6 21. Qe2
Ra8 22. Bxb5 Qb6 23. Bd3 Ra3 24. Qd2 Ne8 25. Qb2 Ra7 26. Ra1 Rac7 27. Rfc1 Kg7
28. g3 h5 29. Kg2 Qb8 30. Ra6 Rb7 31. b5 Nd6 32. Rb1 h4 33. Qb4 Nc4 34. Bxc4
Rxc4 35. Qb2 hxg3 36. hxg3 Qc7 37. b6 Qc6 38. Ra7 Rb8 39. b7 Qc7 40. Qb6 Rxc3
41. Ra8 g5 42. Qxc7 1-0

[Event "Titled Tue 10th Jun Early"]
[Site "chess.com INT"]
[Date "2025.06.10"]
[Round "11"]
[White "Reshetnikov, Alexey"]
[Black "Gibala, Adam"]
[Result "1-0"]
[WhiteTitle "IM"]
[BlackTitle "CM"]
[WhiteElo "2492"]
[BlackElo "2245"]
[WhiteFideId "4162080"]
[BlackFideId "21070288"]
[EventDate "2025.06.10"]

1. d4 c5 2. d5 e5 3. Nc3 d6 4. e4 Be7 5. Bb5+ Nd7 6. a4 a6 7. Be2 Bg5 8. Bxg5
Qxg5 9. Nf3 Qxg2 10. Rg1 Qh3 11. Rxg7 Qh6 12. Rg3 Ne7 13. Qd2 Qxd2+ 14. Nxd2 Ng6
15. Nc4 Ke7 16. Bg4 Rb8 17. a5 h5 18. Bf5 h4 19. Rg1 Nf4 20. Kd2 Nf6 21. Ne3 Bd7
22. Bxd7 Kxd7 23. f3 Rhg8 24. Na4 Rg6 25. Nb6+ Kc7 26. Rxg6 fxg6 27. Rg1 Rf8 28.
Nbc4 Kd7 29. Nd1 Ke7 30. Nf2 Ne8 31. Ra1 Nh5 32. Ke3 Nc7 33. Rg1 Nf4 34. Rg4 Rh8
35. Nd3 Nxd3 36. Kxd3 Ne8 37. Rxg6 Kf7 38. Rg1 Ke7 39. Ke3 Rf8 40. Rg4 Rh8 41.
Rg6 h3 42. Rg3 Rh7 43. Kf2 Rh8 44. Rg5 Kf6 45. Rg4 Ke7 46. Kg3 Nf6 47. Rg7+ Kf8
48. Rxb7 Nh5+ 49. Kf2 Rh6 50. Rb8+ Ke7 51. Rb7+ Kd8 52. Rb6 Kc7 53. Rc6+ Kd7 54.
Rxa6 Rg6 55. Nxe5+ 1-0

[Event "Titled Tue 10th Jun Early"]
[Site "chess.com INT"]
[Date "2025.06.10"]
[Round "11"]
[White "Mayorau, Mikita1"]
[Black "Santos, Antonio P"]
[Result "1-0"]
[WhiteTitle "GM"]
[BlackTitle "FM"]
[WhiteElo "2472"]
[BlackElo "2165"]
[WhiteFideId "13501720"]
[BlackFideId "1900161"]
[EventDate "2025.06.10"]

1. e4 c5 2. Nf3 d6 3. Bb5+ Nd7 4. a4 a6 5. Bc4 e6 6. c3 Ngf6 7. d3 Be7 8. a5 O-O
9. O-O Qc7 10. Re1 Ne5 11. Bb3 Bd7 12. Bc2 Bc6 13. Bf4 Nxf3+ 14. Qxf3 e5 15. Bg3
Rfe8 16. Nd2 Bf8 17. Nf1 d5 18. Ne3 dxe4 19. dxe4 h6 20. Nf5 Nh7 21. Qg4 g6 22.
Nh4 Ng5 23. f4 exf4 24. Bxf4 Qc8 25. Qg3 Bxe4 26. Bxe4 Rxe4 27. Bxg5 Rg4 28. Qe3
hxg5 29. Nf3 c4 30. h3 Bc5 31. Nd4 Bxd4 32. cxd4 Rf4 33. Qe5 Qf5 34. Qc7 Qd5 35.
Kh1 Rd8 36. Re5 Qxd4 37. Rxg5 Rf6 38. Re1 Kg7 39. Qxb7 Qd2 40. Rge5 Rd3 41. Re7
Rg3 42. R7e2 Qd4 43. Re4 Qd3 44. R4e2 Qf5 45. Re8 Qf2 46. Qa8 1-0